00000000nam 2200000zi 4500
0019.947106
003CaOODSP
00520250121091710
006m     o  d f      
007cr cn|||||||||
008250120m19952003onca    obu  f001 0 eng d
020 |z0660177145
040 |aCaOODSP|beng|erda|cCaOODSP
043 |an-cn---
0861 |aNR24-28/1995E-PDF|zNR36-1/1995E
24500|aNational Building Code of Canada 1995 / |cissued by the Canadian Commission on Building and Fire Codes.
250 |aEleventh edition, Fourth printing includes the revisions and errata published in July 1998, November 1999, June 2001, April 2002 and June 2003.
264 1|aOttawa : |bNational Research Council of Canada, |c1995-2003.
264 4|c©1995
300 |a1 online resource (1 volume (various pagings)) : |billustrations
336 |atext|btxt|2rdacontent
337 |acomputer|bc|2rdamedia
338 |aonline resource|bcr|2rdacarrier
500 |aCover title.
500 |aThe catalogue number (NR36-1/1995E) and ISBN (0660177145) for the print edition have been copied in this electronic publication.
500 |aIssued also in French under title: Code national du bâtiment - Canada, 1995.
504 |aIncludes bibliographical references and index.
520 |a"The National Building Code of Canada (NBC) is prepared by the Canadian Commission on Building and Fire Codes (CCBFC) and is published by the National Research Council. It is prepared in the form of a recommended model code to permit adoption by an appropriate authority"--Preface, page ix.
650 0|aBuilding laws|zCanada.
650 0|aBuildings|xStandards|zCanada.
7102 |aCanadian Commission on Building and Fire Codes, |eissuing body.
77508|tCode national du bâtiment - Canada, 1995 / |w(CaOODSP)9.947115
794 |tNational Building Code of Canada 2005 / |w(CaOODSP)9.946822
795 |tNational Building Code of Canada 1990 / |w(CaOODSP)9.947036
85640|qPDF|s20.0 MB|uhttps://publications.gc.ca/collections/collection_2025/cnrc-nrc/NR24-28-1995-eng.pdf
986 |a38726